An introduction to the Indo-European languages

Αποθηκεύτηκε σε:
Λεπτομέρειες βιβλιογραφικής εγγραφής
Κύριος συγγραφέας: Baldi, Philip
Μορφή: Βιβλίο
Γλώσσα:English
Δημοσίευση: Carbondale and Edwardsville, IL : southern Illinois university Press, c1983
Θέματα:
Ετικέτες: Προσθήκη ετικέτας
Δεν υπάρχουν, Καταχωρήστε ετικέτα πρώτοι!

MARC

LEADER 00000nam a2200000 i 4500
001 1/17216
008 010213s1983 eng d
020 |a 0-8093-1091-0 
035 |l 10066053 
040 |a GR-MY-UA  |b gre  |e aacr 
041 0 |a eng 
082 0 |a 410 
100 1 |a Baldi, Philip. 
245 1 3 |a An introduction to the Indo-European languages /  |c Philip Baldi 
260 |a Carbondale and Edwardsville, IL :   |b southern Illinois university Press,   |c c1983 
300 |a 214 p.;  |b fig.;  |c 22 cm 
504 |a Includes bibliographical references and index 
650 0 0 |a Indo-European languages. 
852 |a INST  |b RHODES  |e 20010213  |h 410 BAL  |p 005400017272  |q 005400017272  |t BK  |y 0 
901 |a BIBL4-2001-1 
909 |a Ρ  |b 084094 
922 |a 4ΕΛΗ  |b 200011  |c ΚΠΣ/ΜΣ 
950 |a 124-2000-09-16 
970 |a ΧΟΡΟΖΙΔΟΥ  |b ΤΖΕΝΗ  |z 2001/02/13